000 00826cab a2200265 4500
001 ABS54961
008 090401t1996 xxu||||| |||| 00| 0 eng d
035 _a(Sirsi) u13379
041 _aeng
100 _aHamilton, S.
245 _aBuildmark Choice - a new warranty option for housing associations
260 _c1996
350 _a0
490 _aHouse Builder
_v55(5) May 1996, 17-18(2)
520 _aDescribes `Buildmark Choice` from NHBC, a warranty scheme specifically designed for housing associations committed to providing a premium service at a competitive price.
650 _aBUILDMARK CHOICE
650 _aHOUSING ASSOCIATIONS
650 _aNHBC
650 _aSOCIAL HOUSING
650 _aSTRUCTURAL WARRANTIES
650 _aWARRANTIES
690 _aHOUSING
942 _n0
948 _c04/03/1997
999 _c8628
_d8628